[Event "SVK-chT3A2 2223"]
[Site "Slovakia"]
[Date "2023.02.05"]
[Round "6.2"]
[White "Ocko, Martin"]
[Black "Sebesta, Radovan"]
[Result "1-0"]
[WhiteElo "2053"]
[BlackElo "1981"]
[PlyCount "73"]
[EventDate "2022.10.16"]
[EventType "team-tourn"]
[EventRounds "9"]
[EventCountry "SVK"]
[SourceTitle "EXT 2024"]
[Source "ChessBase"]
[SourceDate "2023.10.10"]
[SourceVersion "1"]
[SourceVersionDate "2023.10.10"]
[SourceQuality "1"]
[WhiteTeam "Senica CVC"]
[BlackTeam "Senica SK"]
[WhiteTeamCountry "SVK"]
[BlackTeamCountry "SVK"]

1. d4 Nf6 2. Nf3 e6 3. g3 d5 4. Bg2 Be7 5. 0-0 0-0 6. b3 Nbd7 7. Bb2 c6 8. Nbd2 Re8 9. Re1 a5 10. a3 Bf8 11. c4 g6 12. e4 dxe4 13. Nxe4 Nxe4 14. Rxe4 Nf6 15. Re1 Bg7 16. Qc2 Qc7 17. Rad1 Bd7 18. Ne5 Rad8 19. Bc3 Ra8 20. Qb2 Bc8 21. Nd3 Nd7 22. Rc1 Qd8 23. d5 Bxc3 24. Qxc3 cxd5 25. cxd5 Nb6 26. Nf4 exd5 27. Rxe8+ Qxe8 28. Bxd5 Bf5 29. Bxb7 Rb8 30. Qc7 Nd7 31. Bd5 Ne5 32. Qxa5 Rd8 33. Bg2 Rc8 34. Re1 f6 35. Nd5 Qe6 36. f4 Rc2 37. fxe5 1-0

[Event "SVK-chT 2122"]
[Site "Slovakia"]
[Date "2022.06.12"]
[Round "11.1"]
[White "Ocko, Martin"]
[Black "Kardis, Benjamin"]
[Result "1/2-1/2"]
[WhiteElo "2064"]
[BlackElo "1939"]
[PlyCount "71"]
[EventDate "2021.10.23"]
[EventType "team-tourn"]
[EventRounds "11"]
[EventCountry "SVK"]
[SourceTitle "EXT 2023"]
[Source "ChessBase"]
[SourceDate "2022.10.05"]
[SourceVersion "1"]
[SourceVersionDate "2022.10.05"]
[SourceQuality "1"]
[WhiteTeam "Osuske"]
[BlackTeam "Humenne Reinter"]
[WhiteTeamCountry "SVK"]
[BlackTeamCountry "SVK"]

1. d4 f5 2. g3 Nf6 3. Bg2 d5 4. Nf3 e6 5. 0-0 Bd6 6. e3 0-0 7. b3 Qe7 8. Bb2 Bd7 9. c4 c6 10. Nbd2 Be8 11. Ne5 Nbd7 12. f4 Bh5 13. Qe1 Ne4 14. Nxe4 fxe4 15. Nxd7 Qxd7 16. h3 Qe7 17. g4 Be8 18. g5 Bh5 19. c5 Bc7 20. Qg3 Rab8 21. Rac1 Qf7 22. Rc2 Qf5 23. h4 Bg4 24. Kh2 a5 25. Bh3 Bxh3 26. Qxh3 g6 27. Qxf5 exf5 28. Kg3 Kg7 29. h5 Rh8 30. h6+ Kf7 31. Rb1 Ra8 32. Bc3 Ra7 33. Bd2 Ke6 34. a3 Rha8 35. Rcb2 Kd7 36. Kf2 1/2-1/2

[Event "SVK-chT2A 1920"]
[Site "Slovakia"]
[Date "2019.12.15"]
[Round "6.7"]
[White "Mihalik, Marek"]
[Black "Ocko, Martin"]
[Result "0-1"]
[WhiteElo "1959"]
[BlackElo "2058"]
[PlyCount "72"]
[EventDate "2019.10.26"]
[EventType "team-tourn"]
[EventRounds "11"]
[EventCountry "SVK"]
[SourceTitle "CBM 194 Extra"]
[Source "ChessBase"]
[SourceDate "2020.03.31"]
[SourceVersion "1"]
[SourceVersionDate "2020.03.31"]
[SourceQuality "1"]
[WhiteTeam "Piestany Kupele"]
[BlackTeam "Osuske II"]
[WhiteTeamCountry "SVK"]
[BlackTeamCountry "SVK"]

1. d4 Nf6 2. c4 e5 3. d5 Bc5 4. e3 d6 5. Nc3 a5 6. h3 Bf5 7. Nge2 h5 8. Ng3 Bg6 9. Bd3 h4 10. Nf5 Kf8 11. e4 Nbd7 12. Bg5 Bxf5 13. exf5 Bb4 14. Rc1 Nc5 15. Bb1 Qd7 16. 0-0 Bxc3 17. bxc3 Nce4 18. Be3 b6 19. Re1 Nc5 20. f4 exf4 21. Bxf4 Qa4 22. Qe2 Re8 23. Qf1 Nfe4 24. Re3 Nf6 25. Rxe8+ Kxe8 26. Re1+ Kd7 27. Bg5 b5 28. Bxf6 gxf6 29. cxb5 Rg8 30. c4 Qa3 31. Kh1 Qg3 32. Re2 Qc3 33. Re1 Kc8 34. Re7 Rg3 35. Rxf7 Re3 36. Kh2 Qe5+ 0-1

[Event "SVK-chT2A 1920"]
[Site "Slovakia"]
[Date "2019.12.14"]
[Round "5.5"]
[White "Ocko, Martin"]
[Black "Kanka, Tomas"]
[Result "1-0"]
[WhiteElo "2058"]
[BlackElo "1762"]
[PlyCount "117"]
[EventDate "2019.10.26"]
[EventType "team-tourn"]
[EventRounds "11"]
[EventCountry "SVK"]
[SourceTitle "CBM 194 Extra"]
[Source "ChessBase"]
[SourceDate "2020.03.31"]
[SourceVersion "1"]
[SourceVersionDate "2020.03.31"]
[SourceQuality "1"]
[WhiteTeam "Osuske II"]
[BlackTeam "Gbely Nafta"]
[WhiteTeamCountry "SVK"]
[BlackTeamCountry "SVK"]

1. d4 Nf6 2. Nf3 d5 3. g3 g6 4. Bg2 Bg7 5. 0-0 0-0 6. b3 b6 7. Bb2 Bb7 8. Nbd2 Nbd7 9. c4 c5 10. e3 e6 11. Rc1 Rc8 12. Re1 Re8 13. Ne5 Ne4 14. Nxe4 Nxe5 15. dxe5 dxe4 16. Qc2 Qc7 17. Bxe4 Bxe4 18. Qxe4 Rcd8 19. Rcd1 Rd7 20. Rxd7 Qxd7 21. Bc3 Rd8 22. Rc1 Bf8 23. Kf1 Qd3+ 24. Qxd3 Rxd3 25. Ke2 Rd7 26. a3 a5 27. f4 Be7 28. g4 h6 29. Rh1 Kh7 30. Rb1 Rd8 31. b4 cxb4 32. axb4 a4 33. Bd4 Rc8 34. Kd3 Bd8 35. Ra1 Ra8 36. b5 Ra5 37. Bc3 Ra8 38. Bb4 Kg7 39. Bd6 f5 40. gxf5 exf5 41. Kd4 Kf7 42. Kd5 g5 43. Kc6 Ra7 44. Bb8 Ra8 45. Kb7 Ra5 46. Bd6 a3 47. Bc7 Be7 48. Bxb6 Ra4 49. c5 Bxc5 50. Bxc5 a2 51. b6 Rc4 52. Kc6 Rc2 53. b7 Rb2 54. Bd6 g4 55. b8Q Rxb8 56. Bxb8 h5 57. Kd7 h4 58. e6+ Kg6 59. e7 1-0

[Event "SVK-chT4 A21 1819"]
[Site "Slovakia"]
[Date "2018.11.11"]
[Round "3.1"]
[White "Ocko, Martin"]
[Black "Valigursky, Michal"]
[Result "1-0"]
[WhiteElo "1993"]
[BlackElo "1679"]
[PlyCount "45"]
[EventDate "2018.10.14"]
[EventType "team-tourn"]
[EventRounds "11"]
[EventCountry "SVK"]
[SourceTitle "CBM 189 Extra"]
[Source "ChessBase"]
[SourceDate "2019.06.03"]
[SourceVersion "1"]
[SourceVersionDate "2019.06.03"]
[SourceQuality "1"]
[WhiteTeam "Senica CVC II"]
[BlackTeam "Stefanov"]
[WhiteTeamCountry "SVK"]
[BlackTeamCountry "SVK"]

1. d4 d5 2. Nf3 Nf6 3. g3 Bf5 4. Bg2 c6 5. 0-0 e6 6. b3 Bd6 7. Bb2 0-0 8. Nbd2 Nbd7 9. c4 Re8 10. Ne5 Bxe5 11. dxe5 Ng4 12. e4 dxe4 13. Nxe4 Ngxe5 14. Nd6 Qf6 15. Nxe8 Qh6 16. h3 Rxe8 17. Bxe5 Nxe5 18. Qc1 Qf6 19. Qe3 b6 20. Rad1 Ng6 21. Bxc6 Rc8 22. Bg2 h6 23. g4 1-0

[Event "SVK-ch U18/20"]
[Site "Liptovsky Mikulas"]
[Date "2018.04.22"]
[Round "2"]
[White "Jencopala, Alexander"]
[Black "Ocko, Martin"]
[Result "1/2-1/2"]
[WhiteElo "1869"]
[BlackElo "2016"]
[PlyCount "71"]
[EventDate "2018.04.21"]
[EventType "swiss"]
[EventRounds "9"]
[EventCountry "SVK"]
[SourceTitle "CBM 184 Extra"]
[Source "ChessBase"]
[SourceDate "2018.06.28"]
[SourceVersion "1"]
[SourceVersionDate "2018.06.28"]
[SourceQuality "1"]

1. e4 c5 2. Nf3 Nc6 3. d4 cxd4 4. Nxd4 g6 5. Nc3 Bg7 6. Be3 Nf6 7. Bc4 d6 8. Bb3 Ng4 9. Nxc6 bxc6 10. Bd4 e5 11. Qf3 Qf6 12. Be3 Qxf3 13. gxf3 Nxe3 14. fxe3 Be6 15. Ba4 Bd7 16. Rd1 Bf8 17. Ke2 Be7 18. Rd2 0-0-0 19. a3 Kb7 20. b4 a6 21. Bb3 f5 22. Rb1 fxe4 23. Nxe4 d5 24. Nc5+ Bxc5 25. bxc5 Kc7 26. c4 Be6 27. cxd5 Bxd5 28. Bxd5 Rxd5 29. Rxd5 cxd5 30. Rb6 Rb8 31. Rxa6 Rb2+ 32. Kd3 Rxh2 33. Rd6 e4+ 34. fxe4 dxe4+ 35. Kxe4 Rh4+ 36. Kf3 1/2-1/2

[Event "SVK-ch U18/20"]
[Site "Liptovsky Mikulas"]
[Date "2018.04.22"]
[Round "3"]
[White "Ocko, Martin"]
[Black "Ihnat, Marek1111"]
[Result "1-0"]
[WhiteElo "2016"]
[BlackElo "1937"]
[PlyCount "103"]
[EventDate "2018.04.21"]
[EventType "swiss"]
[EventRounds "9"]
[EventCountry "SVK"]
[SourceTitle "CBM 184 Extra"]
[Source "ChessBase"]
[SourceDate "2018.06.28"]
[SourceVersion "1"]
[SourceVersionDate "2018.06.28"]
[SourceQuality "1"]

1. d4 Nf6 2. Nf3 g6 3. g3 Bg7 4. Bg2 d5 5. 0-0 0-0 6. b3 c5 7. e3 Nc6 8. Bb2 cxd4 9. exd4 Bf5 10. Ne5 Qc8 11. c4 Rd8 12. Nc3 Nxe5 13. dxe5 dxc4 14. Qf3 Ng4 15. Nd5 Rd7 16. Rfe1 e6 17. Nf6+ Bxf6 18. exf6 Rd2 19. Re2 c3 20. Rxd2 cxd2 21. Qxb7 Qxb7 22. Bxb7 Rd8 23. Bf3 Rc8 24. h3 Nxf2 25. Kxf2 Rc2 26. Bd1 Rxb2 27. Ke3 Bb1 28. Kd4 Bxa2 29. Kc3 Rb1 30. Rxb1 Bxb1 31. Kxd2 Kf8 32. b4 Ke8 33. Ba4+ Kd8 34. Ke3 Ba2 35. Kf4 h5 36. h4 Bc4 37. Ke5 a6 38. Kd6 Bd5 39. Bc2 Ke8 40. Bd3 Bb7 41. Kc7 Bf3 42. Bxa6 e5 43. Bb5+ Kf8 44. Kd6 e4 45. Bc6 Bg2 46. b5 e3 47. b6 Bxc6 48. Kxc6 e2 49. b7 e1Q 50. b8Q+ Qe8+ 51. Qxe8+ Kxe8 52. Kc7 1-0

[Event "SVK-chT2A 1718"]
[Site "Slovakia"]
[Date "2018.03.17"]
[Round "10.6"]
[White "Novak, Stanislav"]
[Black "Ocko, Martin"]
[Result "1-0"]
[WhiteElo "1939"]
[BlackElo "2007"]
[PlyCount "97"]
[EventDate "2017.10.28"]
[EventType "team-tourn"]
[EventRounds "11"]
[EventCountry "SVK"]
[SourceTitle "EXT 2020"]
[Source "ChessBase"]
[SourceDate "2019.10.17"]
[SourceVersion "1"]
[SourceVersionDate "2019.10.17"]
[SourceQuality "1"]
[WhiteTeam "Bratislava Doprastav II"]
[BlackTeam "Osuske II"]
[WhiteTeamCountry "SVK"]
[BlackTeamCountry "SVK"]

1. e4 c5 2. Nf3 Nc6 3. d4 cxd4 4. Nxd4 g6 5. Nc3 Bg7 6. Be3 Nf6 7. Be2 0-0 8. 0-0 d5 9. exd5 Nxd5 10. Nxd5 Qxd5 11. Bf3 Qd7 12. Nxc6 bxc6 13. Qxd7 Bxd7 14. Rad1 Bf5 15. b3 a5 16. c4 Rfc8 17. Bc5 Bf6 18. Rfe1 Be6 19. Re3 a4 20. h3 Bg5 21. Ree1 Rab8 22. Rb1 Bf5 23. Be4 Bxe4 24. Rxe4 f5 25. Rd4 axb3 26. axb3 Rd8 27. Rxd8+ Rxd8 28. b4 Kf7 29. b5 cxb5 30. cxb5 Rd7 31. b6 Bf4 32. g3 Bb8 33. Ra1 Ke6 34. Re1+ Kd5 35. Rxe7 Rxe7 36. Bxe7 Kc6 37. Bd8 Kd7 38. Bg5 Kc6 39. Be3 g5 40. Bxg5 Kxb6 41. Kg2 Kc6 42. Kf3 Kd5 43. g4 Ke6 44. Bf4 Ba7 45. Bg3 Kf6 46. Kg2 fxg4 47. hxg4 Bxf2 48. Kxf2 h5 49. Bh4+ 1-0

[Event "SVK-chT2A 1718"]
[Site "Slovakia"]
[Date "2018.02.24"]
[Round "8.4"]
[White "Ocko, Martin"]
[Black "Darazs, Zoltan"]
[Result "1/2-1/2"]
[WhiteElo "2007"]
[BlackElo "2165"]
[PlyCount "40"]
[EventDate "2017.10.28"]
[EventType "team-tourn"]
[EventRounds "11"]
[EventCountry "SVK"]
[SourceTitle "EXT 2020"]
[Source "ChessBase"]
[SourceDate "2019.10.17"]
[SourceVersion "1"]
[SourceVersionDate "2019.10.17"]
[SourceQuality "1"]
[WhiteTeam "Osuske II"]
[BlackTeam "Potonska Veza"]
[WhiteTeamCountry "SVK"]
[BlackTeamCountry "SVK"]

1. d4 Nf6 2. Nf3 g6 3. g3 Bg7 4. Bg2 0-0 5. 0-0 d5 6. b3 c5 7. c3 Nc6 8. Bb2 Ne4 9. Nbd2 Bf5 10. Ne5 Nxd2 11. Nxc6 bxc6 12. Qxd2 Rb8 13. Ba3 cxd4 14. cxd4 Re8 15. Bc5 a6 16. Rfe1 e5 17. dxe5 Bxe5 18. Bd4 Qf6 19. Bxe5 Rxe5 20. Qf4 Rbe8 1/2-1/2

[Event "SVK-chT5 1718"]
[Site "Slovakia"]
[Date "2018.02.17"]
[Round "7"]
[White "Ocko, Martin"]
[Black "Holiencin, Filip"]
[Result "1/2-1/2"]
[WhiteElo "2007"]
[BlackElo "1726"]
[PlyCount "136"]
[EventDate "2017.10.21"]
[EventType "team-tourn"]
[EventRounds "9"]
[EventCountry "SVK"]
[SourceTitle "EXT 2019"]
[Source "ChessBase"]
[SourceDate "2018.10.10"]
[SourceVersion "1"]
[SourceVersionDate "2018.10.10"]
[SourceQuality "1"]
[WhiteTeam "Senica III"]
[BlackTeam "Holic III"]
[WhiteTeamCountry "SVK"]
[BlackTeamCountry "SVK"]

1. e4 c5 2. Na3 Nc6 3. Bb5 Qc7 4. c3 a6 5. Bxc6 Qxc6 6. d3 g6 7. Ne2 Bg7 8. 0-0 d5 9. exd5 Qxd5 10. Nf4 Qc6 11. Qe2 Nf6 12. Re1 0-0 13. Nc4 b6 14. Qf3 Qxf3 15. gxf3 b5 16. Nb6 Ra7 17. Be3 Rc7 18. Nfd5 Nxd5 19. Nxd5 Rd7 20. Nb6 Rxd3 21. Bxc5 Be6 22. Be3 Rb8 23. a4 Rxe3 24. fxe3 Rxb6 25. axb5 Rxb5 26. Rxa6 Bf6 27. Ra8+ Kg7 28. Re2 Bd5 29. Ra7 Bxf3 30. Rf2 Bg4 31. c4 Rb3 32. c5 Rxe3 33. Rd2 Re4 34. Ra5 Rc4 35. Kg2 Bh4 36. Rb5 Be1 37. b3 Bxd2 38. bxc4 Be6 39. c6 Bxc4 40. Rc5 Be6 41. c7 Bb4 42. c8Q Bxc8 43. Rxc8 Kf6 44. Kf3 Kf5 45. Rc4 Bd6 46. h3 e5 47. Ra4 Ke6 48. Kg4 h5+ 49. Kg5 Be7+ 50. Kh6 Kf5 51. Kg7 g5 52. Kxf7 Bc5 53. Ra1 g4 54. Rf1+ Kg5 55. hxg4 hxg4 56. Ke6 Bd4 57. Kd5 Kh4 58. Ke4 Kg3 59. Rf8 Kg2 60. Rg8 g3 61. Rg7 Kf2 62. Rf7+ Kg2 63. Rg7 Kh2 64. Rh7+ Kg2 65. Rg7 Bc3 66. Rg8 Bd4 67. Rg7 Kh2 68. Rh7+ Kg2 1/2-1/2

[Event "SVK-chT3A2 1718"]
[Site "Slovakia"]
[Date "2018.01.07"]
[Round "7.6"]
[White "Ocko, Martin"]
[Black "Mosny, Jaroslav"]
[Result "0-1"]
[WhiteElo "1981"]
[BlackElo "1892"]
[PlyCount "120"]
[EventDate "2017.10.08"]
[EventType "team-tourn"]
[EventRounds "11"]
[EventCountry "SVK"]
[SourceTitle "EXT 2020"]
[Source "ChessBase"]
[SourceDate "2019.10.17"]
[SourceVersion "1"]
[SourceVersionDate "2019.10.17"]
[SourceQuality "1"]
[WhiteTeam "Senica CVC"]
[BlackTeam "Trnava Lokomotiva III"]
[WhiteTeamCountry "SVK"]
[BlackTeamCountry "SVK"]

1. e4 e5 2. Nf3 d6 3. d4 exd4 4. Nxd4 g6 5. c4 Bg7 6. Nc3 Nc6 7. Be3 Nf6 8. h3 0-0 9. g3 Nxd4 10. Bxd4 Be6 11. Qd3 Nd7 12. Bxg7 Kxg7 13. Qd4+ Qf6 14. Qxf6+ Nxf6 15. Bd3 Nd7 16. Nd5 Rac8 17. Nf4 Rfe8 18. Kd2 f6 19. Rac1 Bf7 20. b4 c6 21. a3 Ne5 22. Ne2 Rcd8 23. f4 Nxd3 24. Kxd3 d5 25. exd5 cxd5 26. c5 Re7 27. Nd4 Rde8 28. Nc2 Be6 29. g4 h5 30. Rhg1 hxg4 31. hxg4 Bd7 32. g5 Bf5+ 33. Kc3 Bxc2 34. Rxc2 Re4 35. Rd2 Rxf4 36. Rxd5 fxg5 37. Rd7+ Rf7 38. Rxf7+ Kxf7 39. Rxg5 Kf6 40. Rg3 g5 41. Kc4 Rg8 42. b5 g4 43. c6 bxc6 44. bxc6 Ke6 45. Kb5 Rg5+ 46. Ka6 Kd6 47. Kb7 Rg7+ 48. Ka6 Kxc6 49. a4 Kc5 50. a5 Kb4 51. Rg1 Rg6+ 52. Kxa7 Kxa5 53. Kb7 Kb5 54. Kc7 Kc5 55. Kd7 Kd5 56. Ke7 Ke5 57. Kf7 Kf5 58. Ra1 Rb6 59. Ra3 Rb7+ 60. Ke8 Kf4 0-1

[Event "SVK-chT4 A21 1617"]
[Site "Slovakia"]
[Date "2017.01.29"]
[Round "8.1"]
[White "Nemeckay, Rastislav"]
[Black "Ocko, Martin"]
[Result "1/2-1/2"]
[WhiteElo "1990"]
[BlackElo "1947"]
[PlyCount "28"]
[EventDate "2016.10.09"]
[EventType "team-tourn"]
[EventRounds "11"]
[EventCountry "SVK"]
[SourceTitle "EXT 2018"]
[Source "ChessBase"]
[SourceDate "2017.10.13"]
[SourceVersion "1"]
[SourceVersionDate "2017.10.13"]
[SourceQuality "1"]
[WhiteTeam "Stefanov"]
[BlackTeam "Senica CVC II"]
[WhiteTeamCountry "SVK"]
[BlackTeamCountry "SVK"]

1. e4 c5 2. b3 Nc6 3. f4 e5 4. d3 d6 5. Nf3 g6 6. Bb2 Bg7 7. fxe5 Nxe5 8. Nxe5 dxe5 9. Be2 Ne7 10. 0-0 0-0 11. Bg4 Nc6 12. Bxc8 Rxc8 13. Nc3 Ne7 14. Qd2 Qd7 1/2-1/2

[Event "SVK-chT4 A21 1617"]
[Site "Slovakia"]
[Date "2016.11.20"]
[Round "4.2"]
[White "Ocko, Martin"]
[Black "Podjavorinsky, Michal"]
[Result "1-0"]
[WhiteElo "1947"]
[BlackElo "1848"]
[PlyCount "119"]
[EventDate "2016.10.09"]
[EventType "team-tourn"]
[EventRounds "11"]
[EventCountry "SVK"]
[SourceTitle "EXT 2018"]
[Source "ChessBase"]
[SourceDate "2017.10.13"]
[SourceVersion "1"]
[SourceVersionDate "2017.10.13"]
[SourceQuality "1"]
[WhiteTeam "Senica CVC II"]
[BlackTeam "Vrbove"]
[WhiteTeamCountry "SVK"]
[BlackTeamCountry "SVK"]

1. d4 Nf6 2. Nf3 g6 3. g3 Bg7 4. Bg2 0-0 5. 0-0 d6 6. b3 c5 7. c3 e6 8. Bb2 Nc6 9. Nbd2 cxd4 10. Nxd4 Nxd4 11. cxd4 d5 12. b4 Bd7 13. a4 Qe7 14. Qb3 Rfc8 15. Rfc1 Bf8 16. Ba3 Qd8 17. e3 Rxc1+ 18. Rxc1 Rc8 19. Bf1 Rxc1 20. Bxc1 Qc7 21. Bb2 Qd6 22. b5 Qc7 23. Bd3 b6 24. Qc3 Qxc3 25. Bxc3 Bd6 26. f3 Ne8 27. Kf2 f5 28. Nb3 Nf6 29. Bc2 Bc8 30. Bd3 Kf7 31. Na1 Bb7 32. Nc2 Ke7 33. a5 Ne8 34. a6 Bc8 35. e4 Kf7 36. exd5 exd5 37. Bb4 Ke6 38. Bxd6 Nxd6 39. Na3 Bd7 40. Ke3 Kf6 41. Kd2 h5 42. Kc3 Kg5 43. Kb4 h4 44. Nb1 hxg3 45. hxg3 f4 46. gxf4+ Kxf4 47. Nc3 Be6 48. Bxg6 Kxf3 49. Na4 Nc4 50. Bd3 Ke3 51. Bxc4 dxc4 52. Kc3 Ke4 53. Nb2 Bd7 54. Nxc4 Be6 55. Ne5 Bh3 56. Nc6 Bf1 57. Nxa7 Kd5 58. Nc8 Bxb5 59. a7 Bc6 60. Nxb6+ 1-0

[Event "SVK-chT3A2 1617"]
[Site "Slovakia"]
[Date "2016.11.13"]
[Round "3.1"]
[White "Ocko, Martin"]
[Black "Mihalik, Anton"]
[Result "1-0"]
[WhiteElo "1899"]
[BlackElo "1939"]
[PlyCount "77"]
[EventDate "2016.10.16"]
[EventType "team-tourn"]
[EventRounds "11"]
[EventCountry "SVK"]
[SourceTitle "EXT 2020"]
[Source "ChessBase"]
[SourceDate "2019.10.17"]
[SourceVersion "1"]
[SourceVersionDate "2019.10.17"]
[SourceQuality "1"]
[WhiteTeam "Senica CVC"]
[BlackTeam "Piestany Kupele"]
[WhiteTeamCountry "SVK"]
[BlackTeamCountry "SVK"]

1. c4 Nf6 2. Nc3 e6 3. d4 d5 4. g3 c6 5. cxd5 exd5 6. Bg2 Be7 7. Qc2 Be6 8. Nf3 h6 9. 0-0 0-0 10. Ne5 Nbd7 11. f4 Nxe5 12. dxe5 Bc5+ 13. e3 Ng4 14. Nxd5 Bxd5 15. Qxc5 Bxg2 16. Kxg2 h5 17. h3 Nh6 18. e4 Re8 19. Be3 Qd3 20. Qd4 Qb5 21. a4 Qa5 22. Qc4 Qc7 23. Rfd1 Re6 24. Rd2 Rd8 25. Rad1 Rxd2+ 26. Rxd2 b6 27. f5 Re8 28. Bf4 Qb7 29. Rd6 c5 30. f6 Nf5 31. Rd5 Nh6 32. fxg7 Kxg7 33. Bxh6+ Kxh6 34. Qc1+ Kg6 35. h4 Qe7 36. Qf4 Kg7 37. Qf5 Kh6 38. Kf3 Rd8 39. Qg5+ 1-0

[Event "SVK-ch U18/20"]
[Site "Liptovsky Mikulas"]
[Date "2016.04.22"]
[Round "8"]
[White "Chrenko, Kristian"]
[Black "Ocko, Martin"]
[Result "1-0"]
[WhiteElo "1960"]
[BlackElo "1983"]
[PlyCount "85"]
[EventDate "2016.04.16"]
[EventType "swiss"]
[EventRounds "9"]
[EventCountry "SVK"]
[SourceTitle "CBM 172 Extra"]
[Source "ChessBase"]
[SourceDate "2016.06.21"]
[SourceVersion "1"]
[SourceVersionDate "2016.06.21"]
[SourceQuality "1"]

1. e4 c5 2. Nf3 Nc6 3. d4 cxd4 4. Nxd4 e5 5. Nb5 d6 6. N1c3 a6 7. Na3 Be7 8. Nd5 Be6 9. c4 Nf6 10. Bd3 0-0 11. 0-0 Nd7 12. Nc2 Nc5 13. Nce3 Nxd3 14. Nxe7+ Nxe7 15. Qxd3 Qc7 16. Rd1 Rad8 17. Nd5 Bxd5 18. cxd5 f5 19. f3 f4 20. b3 Ng6 21. Bd2 Qe7 22. Be1 Nh4 23. Rac1 Qg5 24. Bxh4 Qxh4 25. Rc7 Rf6 26. Rdc1 Rh6 27. h3 Rg6 28. Kf1 h6 29. Qe2 Rb8 30. Qf2 Qg5 31. Rd7 b5 32. Rc6 a5 33. Rdxd6 Rxd6 34. Rxd6 Qe7 35. Qc5 Rb7 36. Qc8+ Kh7 37. Qf5+ Kh8 38. Rc6 Rb8 39. d6 Qb7 40. Rc7 Qb6 41. Qxe5 Rg8 42. Qc5 Qa6 43. Ra7 1-0

[Event "SVK-ch U18/20"]
[Site "Liptovsky Mikulas"]
[Date "2016.04.17"]
[Round "2"]
[White "Molnar, Erno"]
[Black "Ocko, Martin"]
[Result "1-0"]
[WhiteElo "2162"]
[BlackElo "1983"]
[PlyCount "71"]
[EventDate "2016.04.16"]
[EventType "swiss"]
[EventRounds "9"]
[EventCountry "SVK"]
[SourceTitle "CBM 172 Extra"]
[Source "ChessBase"]
[SourceDate "2016.06.21"]
[SourceVersion "1"]
[SourceVersionDate "2016.06.21"]
[SourceQuality "1"]

1. e4 e5 2. Nf3 Nc6 3. Bb5 Nd4 4. Nxd4 exd4 5. d3 Bc5 6. 0-0 c6 7. Bc4 d5 8. Bb3 h5 9. exd5 cxd5 10. Qf3 Ne7 11. Re1 Kf8 12. Bg5 f6 13. Bxf6 gxf6 14. Qxf6+ Kg8 15. Re5 Bf5 16. Bxd5+ Kh7 17. Be4 Rf8 18. Bxf5+ Nxf5 19. Qxd8 Raxd8 20. Rxc5 Rde8 21. Nd2 Kg6 22. Nf3 Kf6 23. Re1 Rxe1+ 24. Nxe1 Re8 25. Nf3 Re7 26. Kf1 h4 27. Rc4 Rd7 28. Ke2 Re7+ 29. Kd2 Rd7 30. c3 h3 31. gxh3 Rh7 32. h4 Nxh4 33. Nxh4 Rxh4 34. Rxd4 Rxh2 35. Rd7 Rxf2+ 36. Kc1 1-0